| 000 | 00738nam a2200229 i 4500 | ||
|---|---|---|---|
| 001 | 140922 | ||
| 003 | ES-MaACL | ||
| 005 | 20231213062949.0 | ||
| 007 | t| | ||
| 008 | 070918s1973 sp ||||1| spa d | ||
| 020 | _a84-238-1060-7 | ||
| 080 | _a82.09(04) | ||
| 100 | 1 |
_aYnduráin, Francisco, _d1910-1994 _9117648 |
|
| 245 | 1 | 0 |
_aDe lector a lector / _cFrancisco Ynduráin. |
| 260 |
_aMadrid : _bEscelicer, _c[1973] |
||
| 300 |
_aX, 312 p. ; _c21 cm. |
||
| 490 | 1 |
_aBiblioteca de Estudios de Crítica Literaria ; _v1 |
|
| 650 |
_aLiteratura- _xHistoria y crítica. _914489 |
||
| 830 | 0 |
_aBiblioteca de Estudios de Crítica Literaria ; _v1 _9220369 |
|
| 852 |
_aES-MaACL _jC-54347 _bR.87088 |
||
| 999 |
_c140922 _d140922 |
||